[Event "Perm op 08"]
[Site "Perm"]
[Date "2009.08.21"]
[Round "9"]
[White "Pershina, Elena"]
[Black "Baturin, Viktor"]
[Result "1/2-1/2"]
[WhiteElo "1958"]
[BlackElo "2046"]
[PlyCount "46"]
[EventDate "2009.08.11"]
[EventType "swiss"]
[EventRounds "9"]
[EventCountry "RUS"]
[SourceTitle "CBM 132 Extra"]
[Source "ChessBase"]
[SourceDate "2009.11.03"]
[SourceVersion "1"]
[SourceVersionDate "2009.11.03"]
[SourceQuality "1"]

1. e4 d6 2. d4 g6 3. Nf3 Bg7 4. Bc4 Nf6 5. Nc3 0-0 6. 0-0 h6 7. e5 dxe5 8. Nxe5 e6 9. Be3 Kh7 10. Qf3 Qe7 11. Rad1 c6 12. Bd3 Nbd7 13. Nxd7 Bxd7 14. Qg3 Rfe8 15. Ne2 Nh5 16. Qh3 e5 17. Qxh5 e4 18. Bxe4 Qxe4 19. Qc5 Be6 20. Ng3 Qh4 21. Qb4 b6 22. Qd2 Rad8 23. Qc1 Bxd4 1/2-1/2